| 000 | 01669cgm a22003977a 4500 | ||
|---|---|---|---|
| 007 | vc cgaizm | ||
| 008 | 140213t1992 xxu108 e |||| 0| vleng d | ||
| 020 | _a7321900126199 | ||
| 041 | 1 |
_aeng _afri |
|
| 043 | _an-us--- | ||
| 082 | 0 | 4 |
_222 _a791.4372 _bLAS |
| 245 | 0 | 4 |
_aThe Last of the Mohicans _h[videorecording] / _cMorgan Creek International ; produced by Michael Mann ; based on the novel James Fenimore Cooper ; directed by Michael Mann. |
| 250 | _a2.35 : 1 Widescreen. | ||
| 260 |
_a[California, United States] : _bMorgan Creek International, Inc. : _b20th Century Fox Home Entertainment, _cc.1992. |
||
| 300 |
_a1 videodisc (108 min.) : _bsd., col. ; _c4 3/4 in. |
||
| 508 | _aMusic by Trevor Jones, Randy Edelman ; editors Dov Hoenig, Arthur Schmidt ; director of photography Dante Spinotti. | ||
| 511 | _aDaniel Day-Lewis, Madeleine Stowe, Jodhi May. | ||
| 521 | _aSuitable only for persons of 15 years and over. | ||
| 546 | _aIn English and French Language. | ||
| 650 | 0 |
_935184 _aFilm adaptations |
|
| 650 | 0 |
_930844 _aFeature films |
|
| 651 | 0 |
_935185 _aUnited States _xHistory _yFrench and Indian War, 1755-1763 _vDrama |
|
| 653 |
_bGGEN _cFebruary2014 |
||
| 700 | 1 |
_935186 _aDay-Lewis, Daniel |
|
| 700 | 1 |
_935187 _aStowe, Madeleine |
|
| 700 | 1 |
_935188 _aMay, Jodhi, _d1975- |
|
| 700 | 1 |
_935189 _aJones, Trevor |
|
| 700 | 1 |
_935190 _aEdelman, Randy |
|
| 700 | 1 |
_935191 _aHoenig, Dov |
|
| 700 | 1 |
_935192 _aSchmidt, Arthur |
|
| 700 | 1 |
_935193 _aSpinotti, Dante |
|
| 700 | 1 |
_935194 _aMann, Michael _d1943- |
|
| 700 | 1 |
_935195 _aCooper, James Fenimore, _d1789-1851 |
|
| 710 | 2 |
_935196 _aMorgan Creek Productions |
|
| 942 |
_2ddc _cDVD _k791.4372 LAS |
||
| 999 |
_c18065 _d18037 |
||